书目信息 |
| 题名: |
宛若梦幻
|
|
| 作者: | 王新禧 著 | |
| 分册: | ||
| 出版信息: | 西安 陕西人民出版社 2008.09 |
|
| 页数: | 210页 | |
| 开本: | 25cm | |
| 丛书名: | ||
| 单 册: | ||
| 中图分类: | I313.077 | |
| 科图分类: | ||
| 主题词: | 民间故事--min jian gu shi--文学研究--日本 | |
| 电子资源: | ||
| ISBN: | 978-7-224-08529-7 | |
| 000 | 00800nam0 2200241 450 | |
| 001 | 012009409390 | |
| 005 | 20090916184415.93 | |
| 010 | @a978-7-224-08529-7@dCNY26.80 | |
| 100 | @a20090916d2008 em y0chiy0120 ea | |
| 101 | 0 | @achi |
| 102 | @aCN@b610000 | |
| 105 | @aa z 000yy | |
| 106 | @ar | |
| 200 | 1 | @a宛若梦幻@Awan ruo meng huan@e日本妖怪奇谭@f王新禧著@Fwang xin xi zhu |
| 210 | @a西安@c陕西人民出版社@d2008.09 | |
| 215 | @a210页@c图@d25cm | |
| 330 | @a本书以各自独立的短篇串成,按时代顺序,讲述了日本的神话源起、奇谭怪闻、妖怪的类型及特色等。 | |
| 517 | 1 | @a日本妖怪奇谭@Ari ben yao guai qi tan |
| 606 | 0 | @a民间故事@Amin jian gu shi@x文学研究@y日本 |
| 690 | @aI313.077@v4 | |
| 701 | 0 | @a王新禧@Awang xin xi@4著 |
| 801 | 0 | @aCN@bQSSK@c20090916 |
| 905 | @b752334-36@dI313.077@eW397@f3 | |
| 宛若梦幻:日本妖怪奇谭/王新禧著.-西安:陕西人民出版社,2008.09 |
| 210页:图;25cm |
| ISBN 978-7-224-08529-7:CNY26.80 |
| 本书以各自独立的短篇串成,按时代顺序,讲述了日本的神话源起、奇谭怪闻、妖怪的类型及特色等。 |
| ● |
| 相关链接 |
|
|
|
正题名:宛若梦幻
索取号:I313.077/W397
 
预约/预借
| 序号 | 登录号 | 条形码 | 馆藏地/架位号 | 状态 | 备注 |
| 1 | 752334 | 207523349 | 社科二线422/422社科库 26排4列3层/ [索取号:I313.077/W397] | 在馆 | |
| 2 | 752335 | 207523358 | 文学库116/116文学库 14排1列1层/ [索取号:I313.077/W397] | 在馆 | |
| 3 | 752336 | 207523367 | 文学库116/116文学库 14排1列1层/ [索取号:I313.077/W397] | 在馆 |